Jesús nuestra vida: guía para leer el Evangelio de San Juan
Guardado en:
| Autor principal: | |
|---|---|
| Formato: | Libro |
| Lenguaje: | español |
| Publicado: |
Barcelona
Estela
1964
|
| Colección: | Colección Conocer La Biblia, 2
|
| Materias: | |
| Etiquetas: |
Agregar Etiqueta
Sin Etiquetas, Sea el primero en etiquetar este registro!
|
MARC
| LEADER | 00000nam a2200000 a 4500 | ||
|---|---|---|---|
| 001 | UCL2091 | ||
| 003 | CL-VaPUC | ||
| 008 | 031010e19640000SP |||||||||||||||||spa|d | ||
| 082 | 0 | 4 | |a 226.506 |b GEO |2 21 |
| 100 | 0 | |a George, Agustin |e author |9 479072 | |
| 245 | 1 | 0 | |a Jesús nuestra vida: guía para leer el Evangelio de San Juan |
| 300 | |a 166 p | ||
| 942 | |c BK | ||
| 945 | |d 20031010 00:00:00 |a vberengu | ||
| 260 | |a Barcelona |b Estela |c 1964 | ||
| 650 | 0 | |a Evangelios |9 314864 | |
| 650 | 0 | |a Evangelistas |9 315131 | |
| 583 | |a last modification |c 20031010 00:00:00 |k Rodrigo Vera | ||
| 490 | 0 | |a Colección Conocer La Biblia, 2 | |
| 999 | |c 305451 |d 305449 | ||
| 952 | |0 0 |1 0 |4 0 |6 226_506000000000000_GEO_1964 |7 0 |8 A |9 369345 |a BIBTEO |b BIBTEO |d 2019-11-21 |i 2079402 |o 226.506 GEO 1964 |p 2079402 |r 2025-01-17 |w 2019-11-21 |y BK |k ICR | ||